[Event "XX Ciudad de Leon"]
[Site "Leon ESP"]
[Date "2007.07.07"]
[Round "1.3"]
[White "Topalov, V."]
[Black "Kasimdzhanov, R."]
[Result "0-1"]
[WhiteElo "2772"]
[BlackElo "2677"]
[Annotator "Ëåáåäåâ Âàñèëèé"]
[PlyCount "66"]
[EventDate "2007.07.06"]

1. Nf3 d5 2. d4 Nf6 3. c4 c6 4. e3 Bf5 5. Nc3 e6 6. Nh4 Bg6 7. Nxg6 hxg6 8. a3
Nbd7 9. g3 Bd6 10. b3 $146 (10. f4 Qe7 11. c5 Bc7 12. Bg2 b6 13. b4 a5 14. Bd2
axb4 15. axb4 O-O 16. O-O bxc5 17. bxc5 Ba5 18. Qc2 Rfc8 19. Rfb1 {
(1/2 Popov,V (2590) - Akopian,V (2700)/Moscow RUS 2007).}) (10. c5 Bc7 11. b4 (
11. f4 Ng8 12. b4 f5 13. Bg2 Ndf6 14. Bd2 g5 15. Qe2 gxf4 16. exf4 Ne4 17. Bxe4
dxe4 18. Qc4 Qd7 19. O-O-O Nf6 20. Be3 b5 21. Qb3 a5 22. h4 O-O 23. Kb2 Kh7 24.
Rhg1 Ng4 25. Rge1 Ra6 26. d5 exd5 27. Bd4 axb4 28. axb4 Rfa8 29. Ra1 Nh2 30.
Rxa6 Rxa6 31. Ne2 Nf3 32. Rd1 Nxd4 33. Nxd4 Bd8 34. Ra1 Rxa1 35. Kxa1 Bf6 36.
Qd1 Qe8 37. Kb1 Bxd4 38. Qxd4 e3 {
(0-1 Bilobrk,F (2384) - Stojanovic,D (2473)/Vogosca BIH 2007)}) 11... e5 12.
Bg2 O-O 13. O-O Re8 14. Ra2 g5 15. e4 exd4 16. exd5 dxc3 17. d6 Bb8 18. Bxg5 a5
19. Rc2 axb4 20. axb4 Qc8 21. Qd4 Ra3 22. Bc1 Ra4 23. Qxc3 Ra6 24. Bb2 b6 25.
b5 cxb5 26. c6 b4 27. Qxb4 Rf8 28. Bh3 b5 29. c7 Qb7 30. Bxf6 {
(1-0 Rahman,Z (2543) - Abu Sufian,S (2356)/Dhaka BAN 2007).}) 10... O-O 11. Bg2
b5 $1 12. O-O (12. cxb5 cxb5 13. Nxb5 Qa5+) 12... Rb8 13. c5 Bc7 14. f4 a5 15.
b4 Ra8 $1 {Òåïåðü ÷¸ðíûå õîçÿåâà ïåøå÷íîãî íàïðÿæåíèÿ!} 16. Bd2 Qe7 17. Qe2
Ra7 18. Rab1 Rfa8 19. g4 axb4 20. axb4 Ra3 21. Bf3 Nh7 22. g5 (22. e4 $5) 22...
e5 $5 {Êðàñèâûé õîä, ââåðãøèé, ïî âñåé âèäèìîñòè, áåëûõ â øîê. Íàñòîëüêî
ñèëüíûé, ÷òî áåëûå ðàçâàëèëèñü â íåñêîëüêî õîäîâ.} ({À åñëè} 22... Nxg5 $5 {
, òî ïîñëå} 23. fxg5 Qxg5+ {èëè} 24. Kh1 {
ïî-ìîåìó, ó ÷¸ðíûõ íåò äîñòàòî÷íîé êîìïåíñàöèè:} Qh4 25. e4 $1 {è ò.ä.}) 23.
dxe5 $2 ({Âî-ïåðâûõ, ìîæíî áûëî âïîëíå «äîñòîéíî» îòâåòèòü ïóò¸ì} 23. Bxd5 $1
{È äàëåå -} Rxc3 $1 (23... cxd5 24. Nxb5) 24. Bxc6 ({êàæåòñÿ, õóæå} 24. Bxc3
cxd5 25. dxe5 Nxg5 $1 26. fxg5 Qxg5+ 27. Kh1 Nxe5 $132) 24... Ra2 $1 25. Bd5
Rac2 26. Qd1 $1 Rc4 27. Ra1 $1 ({âèäèìî, ïîñëàáåå} 27. Bxc4 Rxc4 28. dxe5 $140
Nxg5 $1) ({èëè} 27. dxe5 Nxe5 $1 28. Bxc4 Rxc4 29. fxe5 $140 $2 Nxg5 $40) 27...
exd4 28. exd4 (28. Bxc4 Rxc4 $13) 28... Rxd4 29. Qxc2 Rxd5 30. Rae1 {
ñ ïðèìåðíî ðàâíîé èãðîé.}) ({
Íî áûë æå êðåàòèâ, êîòîðûé âñåì êðåàòèâàì êðåàòèâ -} 23. e4 $3 {Ãëàâíàÿ èäåÿ
î÷åâèäíî - âñêðûòèå öåíòðà âûãîäíî ñòîðîíå, âëàäåþùåé äâóìÿ ñëîíàìè!} {
Íàïðèìåð,} exd4 24. exd5 $1 Qd8 25. Nxb5 $1) 23... Nxe5 $1 24. fxe5 {
Ïîõîæå, ÷òî áåëûå óïóñòèëè ñâîé ñ÷àñòüå...} ({Òàê, òåïåðü óæå íå ïðîõîäèò äàæå
} 24. Bxd5 cxd5 25. Nxb5 {èç-çà òîíêîãî} Ra2 $1 26. Nc3 Nc4 $1 27. Nxa2 Rxa2
28. Rbd1 (28. Rfd1 Bxf4 $1) {È òåïåðü ïîáåäèòü ïî ðàáî÷å-êðåñòüÿíñêè, â ëîá -}
28... Bxf4 $6 {ïîõîæå, íå î÷åíü-òî ïîëó÷àåòñÿ} ({ëó÷øå áðàòü èçìîðîì} 28...
Qe4 29. Rf2 Nf8 30. Qe1 Ne6 31. Re2 d4 $1 {è ò.ä.}) 29. Rxf4 Nxg5 30. Rd4 $1
Qe6 31. b5 $1 ({ñëàáî} 31. Qg2 Ne4 32. Qe2 $140 Nxe3 $3) 31... Qh3 32. b6 $1
Nxd2 {è ñåé÷àñ, áûòü ìîæåò, íå ïðîèãðûâàåò äàæå è} 33. R1xd2 $5 ({
íî ïðîùå, êîíå÷íî æå,} 33. R4xd2 Nf3+ 34. Kf2) 33... Nf3+ 34. Qxf3 Qxf3 35.
Rxa2 Qxe3+ 36. Kg2 Qxd4 37. b7 $1 {Íàïðèìåð, êàê-òî òàê:} Qg4+ 38. Kf2 Qf4+ 39.
Kg2 Kh7 40. c6 f5 41. Ra8) 24... Nxg5 25. h4 ({Åù¸ ðàç ïðîâåðÿåì} 25. Bxd5 $5
cxd5 26. Nxd5 ({ñëàáåå} 26. Nxb5 Ra2 27. e6 $1 (27. Nc3 Qxe5) (27. Nxc7 Qxc7
$40) 27... Nxe6 $15) 26... Qxe5 27. Nxc7 Qxc7 28. Bc1 $5 Ra2 29. Rb2 Rxb2 30.
Bxb2 Qe7 $1 $36 {Íåò çäåñü ðàâåíñòâà!}) 25... Nh3+ ({
Íà ïåðâûé (ðûáíûé ;)) âçãëÿä ñèëüíåå} 25... Nxf3+ 26. Qxf3 (26. Rxf3 Bxe5 {
è îêàçûâàåòñÿ, ÷òî çàùèòèòü êîíÿ î÷åíü òðóäíî -} 27. Rc1 Qxh4 {
, è ïàäàåò î÷åðåäíàÿ ïåøêà}) 26... Bxe5 27. Rbc1 Rb3 $1 28. Rc2 Raa3 29. Ne2
d4 30. Nc1 Rb1 31. Nd3 $1 Rxf1+ 32. Qxf1 dxe3 $1 33. Bxe3 Qxh4 $3 34. Nxe5 {
(à ÷òî åù¸?)} Qg3+ 35. Kh1 (35. Rg2 Qxe3+ 36. Kh1 Qxe5 $19) 35... Qxe5 36. Bg1
Qe4+ 37. Rg2 ({èëè} 37. Qg2 Qh4+ 38. Qh2 Rh3 $19) {
À òåïåðü áåëûå ïîïàäàþò â ïðîñòî-òàêè êëàññè÷åñêèé öóãöâàíã!} 37... Ra2 $22
38. Bh2 ({«åù¸» ðàññìîòðèì} 38. Kh2 Qh4#) 38... Rb2 $3 39. Bg1 g5 $3 40. Bh2
$140 Rb1 $19 {
À òåïåðü ïîñìîòðèì, ÷òî èìåë â âèäó Ðóñòàì, îáúÿâëÿÿ øàõ íà h3...}) 26. Kg2
Qxe5 27. Rh1 $6 ({Òàê, ÿñíî, ÷òî íåëüçÿ} 27. Kxh3 $4 {èç-çà} Qg3#) ({
Íî âîò ÷òî äåëàëè áû ÷¸ðíûå ïîñëå} 27. Kh1 $1 {Âîò â ÷¸ì âîïðîñ...]}) 27...
d4 $1 28. exd4 ({Ðàçáåð¸ìñÿ (ïðè÷¸ì, âåñüìà ðåøèòåëüíî), è ñ} 28. Nd1 Qg3+ 29.
Kf1 dxe3 {È  ïîñëå} 30. Nxe3 ({èëè} 30. Qg2 Qe5 31. Nxe3 (31. Bxe3 Qf5 $1)
31... Nf4 32. Qf2 Rd8 {ñ ðàçãðîìíîé àòàêîé}) {íà÷èíàåòñÿ ôåéåðâåðê:} 30...
Rxe3 $3 31. Bxe3 (31. Qxe3 Ra3 $3 $19) 31... Ra2 $3 32. Rg1 (32. Bxc6 Rxe2 33.
Kxe2 Bf4) 32... Nxg1 33. Qxa2 Qxf3+ 34. Kxg1 (34. Qf2 Qe4 $1 {è ò.ä.}) (34. Bf2
Nh3 35. Rb3 Qh1+ 36. Ke2 Nf4+ 37. Kd2 Qf1 $19 {
- â ñïðàâåäëèâîñòè ýòîé îöåíêè ìîæåòå  óáåäèòüñÿ ñàìè}) 34... Qxe3+ {åñëè} 35.
Kf1 {, òî âûèãðûâàåò} (35. Qf2 Bh2+ $3 36. Kg2 Qe4+) 35... Qh3+ 36. Kg1 (36.
Qg2 Qf5+) (36. Ke1 Qh1+ 37. Kd2 Qg2+) 36... Be5 $1 37. Rf1 Bd4+ 38. Rf2 Qxh4
39. Qxf7+ Kh7 $19) ({Âïðî÷åì, áåëûå ìîãóò èçáåæàòü âñåõ ýòèõ «êðàñîò» -} 28.
Nd1 Qg3+ 29. Kf1 dxe3 {ïóò¸ì} 30. Bxe3 $1 Ra2 31. Rb2 Rxb2 32. Nxb2 {
È ÷¸ðíûì íàäî ãäå-òî íàéòè âòîðîå äûõàíèå àòàêè.} Ra2 33. Qg2 $1 (33. Bxc6 $2
Nf4 $1) 33... Qe5 34. Rxh3 Rxb2 35. Be2 Qe6 36. Qf3 {
(èíà÷å ÷¸ðíûå ïðîñòî ñúåäÿò åù¸ îäíó ïåøå÷êó)} Rb3 ({òåïåðü} 36... Rxb4 {
ñëàáî -} 37. h5 $1) 37. Kf2 (37. h5 Bf4 $3) 37... f5 {
è âñ¸ òàêè ÷¸ðíûå ñîõðàíÿþò øàíñû íà ïîáåäó.} ({èëè} 37... Be5 {ñ èäååé Bd4})
) 28... Nf4+ 29. Bxf4 Qxf4 30. Rh3 $4 {Çàùèùàÿ ïîëå g3 ïîçàáûëè ïðî êîíÿ} ({
Âïðî÷åì, è ïîñëå} 30. Qe1 {äîëãî ñîïðîòèâëÿòüñÿ áûëî íåëüçÿ -} Ra2+ $1 31. Be2
(31. Nxa2 Rxa2+ 32. Be2 Qe3 33. Kf1 Bg3 $19) 31... R8a3 $1 {È} {åñëè} 32. Nxa2
(32. Rc1 Qe3 $1) {, òî îäèí èç âîçìîæíûõ ïóòåé âûèãðûøà òàêîâ:} 32... Qe4+ 33.
Kg1 Qxd4+ 34. Kg2 (34. Kf1 Bg3) 34... Qe4+ 35. Kg1 Rg3+ 36. Qxg3 Bxg3 37. Rb3
Qxe2 38. Rxg3 Qxa2 {è ò.ä.}) ({Íè îò ÷åãî íå çàùèùàåò} 30. Qd3 {ââèäó} Re8 $1)
30... Rxc3 31. Rf1 Re3 32. Qd1 Rd8 (32... Raa3) 33. d5 Rxd5 $1 (33... Rxd5 $1
34. Bxd5 Rg3+ 35. Rxg3 Qxg3+ 36. Kh1 Qh2#) 0-1

[Event "XX Ciudad de Leon"]
[Site "Leon ESP"]
[Date "2007.07.07"]
[Round "1.4"]
[White "Kasimdzhanov, R."]
[Black "Topalov, V."]
[Result "1/2-1/2"]
[WhiteElo "2677"]
[BlackElo "2772"]
[Annotator "Ëåáåäåâ Âàñèëèëé"]
[PlyCount "104"]
[EventDate "2007.07.06"]

1. d4 Nf6 2. c4 g6 3. Nc3 Bg7 4. e4 d6 5. Nf3 O-O 6. Be2 e5 7. Be3 Na6 8. O-O
Ng4 9. Bg5 Qe8 10. dxe5 dxe5 11. h3 f6 12. Bd2 Nh6 13. c5 Nxc5 14. Qc1 Nf7 15.
Nd5 Ne6 16. Nxc7 Nxc7 17. Qxc7 Nd8 18. Qc3 Be6 19. Be3 $146 (19. b4 Rf7 20. a4
Re7 21. b5 Nf7 22. Be3 Rd7 23. Rfd1 Nd6 24. Qb4 Bf8 25. Bc5 Qd8 26. a5 Rc8 27.
Bxa7 Nc4 28. Rxd7 Qxd7 29. Qb1 Ra8 30. b6 Qc6 31. Bd3 Rc8 32. a6 Bc5 33. axb7
Qxb7 34. Qb3 Kg7 35. Nd2 Bd4 36. Bxc4 Rxc4 37. Nxc4 Bxa1 38. Nd6 Bxb3 39. Nxb7
Bd4 40. Nd8 Bc4 41. Nc6 Ba6 42. Nxd4 exd4 43. Bb8 Kf7 44. f3 Ke6 45. Kf2 f5 46.
exf5+ Kxf5 47. Bh2 Ke6 48. Bg1 Ke5 49. Kg3 Kd5 50. Kf4 Kc5 51. g4 Bb7 52. Bxd4+
Kxd4 53. Kg5 Bxf3 54. Kh6 Ke5 55. Kxh7 g5 56. Kg6 Kf4 57. Kh5 Be4 58. Kh6 Bd5
59. Kg6 Bf3 60. Kh5 Be4 61. h4 gxh4 62. Kxh4 Ke5 {
(1/2 Volkov,S (2622)-Annaberdiev,M (2409)/Abu Dhabi 2005).}) 19... Rc8 20. Qa3
Nc6 21. Rac1 Rf7 22. Bc4 Bxc4 23. Rxc4 Bf8 24. Qa4 a6 25. Bb6 Rd7 26. Rcc1 Qe6
27. a3 Ne7 28. Be3 Rc6 29. Rxc6 Nxc6 30. Rc1 h5 {
Íà ïóòè áåëûõ ôèãóð ê ñ÷àñòüþ ïðîñòî ñòåíà...} 31. b4 $6 {
Ïîñëå ýòîãî ðûâêà åù¸ õîðîøî, ÷òî âñ¸ äåëî çàêîí÷èëîñü âíè÷üþ} Qa2 $1 (31...
Rd3 $5) 32. Kh2 $6 {
Íåíóæíàÿ, ïî-ìîåìó, ïðîôèëàêòèêà. Íî Êàñûìæàíîâ ïîñòàâèë íà êàðòó âñ¸.} ({
Ïî íàóêå, ñëåäîâàëî íà÷àòü áîðüáó çà íè÷üþ ïóò¸ì} 32. Nh4 Kf7 33. Rd1 {
, íî íè÷üÿ â ýòîé ïàðòèè áåëûì áûëà ñîâñåì íå íóæíà.}) 32... Rd3 33. b5 ({
«Æåðòâà» êà÷åñòâà} 33. Rxc6 {íà ñàìîì äåëå áûëà æåðòâîé ôåðçÿ -} Rxa3 34.
Qxa3 Qxa3 35. Rxf6 Qxb4 {è ò.ä.}) 33... Rxa3 34. Qd1 axb5 35. Nh4 Qf7 $1 {
Ãëàâíûé çàùèòíèê âåðíóëñÿ äîìîé.} 36. g4 $1 {ßâíî åäèíñòâåííûé øàíñ.} g5 37.
Nf5 b4 {Îêàçûâàåòñÿ ñ êîìôîðòîì ïîèãðàòü íå óäàñòñÿ!} ({Ïîñëå} 37... h4 {
ñëåäîâàëî} 38. Bc5 $1 Ra2 39. Kg2 {
è èíèöèàòèâû áåëûõ õâàòàëî ñàìîå ìåíüøåå äëÿ íè÷üåé, íàïðèìåð:} Qe6 ({ïîñëå} 
39... Bg7 40. Nd6 Qe6 41. Nxb7 {÷¸ðíûå ìîãëè è «õóæå» ïîëó÷èòü!}) 40. Bxf8
Kxf8 41. Rxc6 $1 bxc6 ({íî íå} 41... Qxc6 $4 42. Qd8+ Qe8 43. Qxf6+ Qf7 44.
Qd6+ Ke8 45. Qb8+ Kd7 46. Qxb7+ Ke8 47. Nd6+) 42. Qd8+ Kf7 43. Qc7+ Kf8 44.
Qd8+) 38. gxh5 Rc3 39. Ra1 Ra3 {
Ðàçóìååòñÿ, Òîïàëîâ ñîãëàñåí íà ïîâòîðåíèå õîäîâ.} 40. Rb1 Kh7 41. h4 $1 Nd4 $1
(41... gxh4 42. Qg4 $36) 42. Bxd4 exd4 43. Qxd4 ({Ïîñëå} 43. hxg5 {
íàñ íàâåðíÿêà áû æäàëî ñëåäóþùåå îôîðìëåíèå ðàâåíñòâà:} fxg5 44. Qxd4 Qxh5+
45. Kg2 Qf3+ 46. Kg1 Rd3 47. Qf6 Rd1+ 48. Rxd1 Qxd1+ 49. Kg2 Qg4+ {è ò.ä.})
43... Qc7+ 44. Kg2 Qf4 {
È òåïåðü Âåñåëèí äîáèâàåòñÿ íè÷üåé, êîòîðàÿ ðàâíîñèëüíà ïîáåäå:} 45. Qd7+ Kh8
46. Qe8 Qf3+ 47. Kg1 Qg4+ 48. Kf1 (48. Ng3 Rxg3+ $1 49. fxg3 Qxg3+ 50. Kf1 Qf3+
51. Ke1 Qe3+ 52. Kd1 Qd3+ 53. Kc1 Qc3+ {, è ïîæàëóéòå íàçàä:} 54. Kd1 Qd3+ 55.
Ke1 Qe3+ 56. Kf1 Qf3+ 57. Kg1 Qg3+ 58. Kh1 Qh3+ {
È íå óãîäíî ëè åùå ðàçî÷åê? Íåò? Íó, òîãäà íè÷üÿ!}) 48... Qh3+ 49. Ke1 Qc3+
50. Kf1 (50. Ke2 $4 Qd3+ 51. Ke1 Qxb1+ 52. Kd2 Rd3+ 53. Ke2 Qd1#) 50... Qh3+
51. Ke1 Qc3+ 52. Kf1 Qh3+ 1/2-1/2